000
00225nam a22000857a 4500
008
161228b xxu||||| |||| 00| 0 eng d
100
_9
2211
_a
Malhotra.S.etal
245
_a
Mental Mathamatics-1
260
_a
New Delhi
_b
Frank Book
_c
2011
999
_c
5099
_d
5099